00386nam a2200145Ia 450000500170000000800460001703700120006304000210007504100130009608400190010910000130012824500360014126000550017730000080023220250508151811.0008 250505s9999 xx 000 0 eng d aTextual aFEDL bengcFEDL aeng2eng a428, DODqFEDL aDodd E F 0aSnake charmer and other stories aBombay, IndiabMacmillan and Company Limitedc1953 a65p